International journal of mind, brain & cognition / (Record no. 37383)

MARC details
000 -LEADER
fixed length control field 00538nam a22001697a 4500
005 - DATE AND TIME OF LATEST TRANSACTION
control field 20100723124427.0
010 ## - LCCN (DPL NO)
LC control number ENG-96541
020 ## - INTERNATIONAL STANDARD BOOK NUMBER
Terms of availability 699.00
035 ## - SYSTEM CONTROL NUMBER
System control number EN-80074
037 ## - SOURCE OF ACQUISITION
Source of stock number/acquisition DBAD/PUB
245 ## - TITLE STATEMENT
Title International journal of mind, brain & cognition /
Statement of responsibility, etc edited by Probal Dasgupta
260 ## - PUBLICATION, DISTRIBUTION, ETC. (IMPRINT)
Place of publication, distribution, etc New Delhi
Name of publisher, distributor, etc Bharti Publications
Date of publication, distribution, etc 2010
270 ## - ADDRESS
Address 1749A/5, 1st floor, Gopindpuri Extention, P. O. Box. 4453, Kalkaji, New Delhi-110019
City New Delhi
300 ## - PHYSICAL DESCRIPTION
Extent 123p.
Dimensions 21cm (pbk)
700 ## - ADDED ENTRY--PERSONAL NAME
Personal name Dasgupta, Probal
9 (RLIN) 984
942 ## - ADDED ENTRY ELEMENTS (KOHA)
Source of classification or shelving scheme Dewey Decimal Classification
Item type English Books

No items available.


© Delhi Public Library
Hit Counter
free hit counter